Solar technologies for buildings / (Record no. 355929)
[ view plain ]
| 000 -LEADER | |
|---|---|
| fixed length control field | 01057pam a2200337 a 4500 |
| 001 - CONTROL NUMBER | |
| control field | 4118113 |
| 003 - CONTROL NUMBER IDENTIFIER | |
| control field | USPCAS-E |
| 005 - DATE AND TIME OF LATEST TRANSACTION | |
| control field | 20180118181418.0 |
| 008 - FIXED-LENGTH DATA ELEMENTS--GENERAL INFORMATION | |
| fixed length control field | 030714s2003 enka 001 0 eng |
| 015 ## - NATIONAL BIBLIOGRAPHY NUMBER | |
| National bibliography number | GBA3-Y8260 |
| 020 ## - INTERNATIONAL STANDARD BOOK NUMBER | |
| International Standard Book Number | 047148637X |
| 035 ## - SYSTEM CONTROL NUMBER | |
| System control number | (OCoLC)ocm51668009 |
| 035 ## - SYSTEM CONTROL NUMBER | |
| System control number | (NNC)4118113 |
| 040 ## - CATALOGING SOURCE | |
| Original cataloging agency | UKM |
| Transcribing agency | UKM |
| Modifying agency | NNC |
| 041 1# - LANGUAGE CODE | |
| Language code of text/sound track or separate title | engger |
| 082 04 - DEWEY DECIMAL CLASSIFICATION NUMBER | |
| Classification number | 690.8370472 |
| Edition number | 21 |
| Author Mark | EIC-S 2003 |
| 100 1# - MAIN ENTRY--PERSONAL NAME | |
| Personal name | Eicker, Ursula. |
| 240 10 - UNIFORM TITLE | |
| Uniform title | Solare Technologien für Gebäude. |
| Language of a work | English |
| 245 10 - TITLE STATEMENT | |
| Title | Solar technologies for buildings / |
| Statement of responsibility, etc. | Ursula Eicker. |
| 260 ## - PUBLICATION, DISTRIBUTION, ETC. | |
| Place of publication, distribution, etc. | Chichester ; |
| -- | Hoboken, NJ : |
| Name of publisher, distributor, etc. | Wiley, |
| Date of publication, distribution, etc. | c2003. |
| 300 ## - PHYSICAL DESCRIPTION | |
| Extent | xii, 323 p. : |
| Other physical details | ill. ; |
| Dimensions | 26 cm. |
| 500 ## - GENERAL NOTE | |
| General note | Originally published as: Solare Technologien für Gebäude. Stuttgart : B.G. Teubner, 2001. |
| 502 ## - DISSERTATION NOTE | |
| Dissertation note | . |
| 504 ## - BIBLIOGRAPHY, ETC. NOTE | |
| Bibliography, etc. note | Includes bibliographical references (p. [316]-319) and index. |
| 546 ## - LANGUAGE NOTE | |
| Language note | Translated from the German. |
| 650 #0 - SUBJECT ADDED ENTRY--TOPICAL TERM | |
| Topical term or geographic name entry element | Solar buildings. |
| 650 #0 - SUBJECT ADDED ENTRY--TOPICAL TERM | |
| Topical term or geographic name entry element | Solar air conditioning. |
| 650 #0 - SUBJECT ADDED ENTRY--TOPICAL TERM | |
| Topical term or geographic name entry element | Solar heating. |
| 942 ## - ADDED ENTRY ELEMENTS (KOHA) | |
| Source of classification or shelving scheme | |
| Koha item type | Book |
| Withdrawn status | Lost status | Source of classification or shelving scheme | Damaged status | Not for loan | Collection code | Permanent Location | Current Location | Shelving location | Date acquired | Source of acquisition | Cost, normal purchase price | Total Checkouts | Full call number | Barcode | Date last seen | Price effective from | Koha item type |
|---|---|---|---|---|---|---|---|---|---|---|---|---|---|---|---|---|---|
| US-Pakistan Center for Advanced Studies in Energy (USPCAS-E) | US-Pakistan Center for Advanced Studies in Energy (USPCAS-E) | 01/11/2016 | Golden | 15367.00 | 690.8370472 EIC-S 2003 | CAS-E0001343 | 01/11/2016 | 01/11/2016 | Book |
